| 000 | 00372nam a2200157Ia 4500 | ||
|---|---|---|---|
| 008 | 221030s9999 xx 000 0 und d | ||
| 020 | _a8120324459 | ||
| 041 | _aEnglish | ||
| 100 | _aR. Mall | ||
| 245 | 0 |
_aFundamentals of Software Engineering _cby R. Mall |
|
| 250 | _a2nd | ||
| 260 |
_bPHI _aNew Delhi _c2007 |
||
| 300 | _a336 | ||
| 650 | _aBB Computer | ||
| 942 | _cBK | ||
| 999 |
_c16632 _d16632 |
||